00656cam a22002051 450000100060000000300080000600500170001400800390003103500190007003500190008904000280010804100080013608200180014410000320016224501530019426000290034730000290037650400290040565000160043428871BD-RjUL20211209051336.0140401m1923 fr a b 000 0 fre a(BD-RjUL)28955 a(OCoLC)2359273 aDLCcOCUdOCUdDLCbeng aeng a150bDUT 19231 aDumas, Georges,d1866-1946.10aTraité de psychologie :cpar Georges Dumas ... avec la collaboration de: L Barat, G. Belot, Ch. Blondel ... [e.a.] Préface de Th. Ribot ...nV-1 aParis :bF. Alcan,c1923 a964 p. ;bill. ;c23 cm. aIncludes bibliographies. 0aPsychology.